Kraje wydające na wojsko najwięcej (w mld) - Statystyki

Ogólne statystyki
  • Ten quiz został rozwiązany 503 razy
  • Średni wynik to 9 z 10
Statystyki odpowiedzi
Kwota Wydana Odpowiedź % Poprawnych
649 mld (usd) Stany Zjednoczone
99%
250 mld (usd) Chiny
98%
61 mld (usd) Rosja
97%
50 mld (usd) Niemcy
94%
64 mld (usd) Francja
93%
50 mld (usd) Wielka Brytania
86%
67 mld (usd) Indie
83%
47 mld (usd) Japonia
83%
43 mld (usd) Korea Południowa
75%
68 mld (usd) Arabia Saudyjska
46%
Nie znaleziono quizów pasujących do podanych kryteriów
Rozkład punktacji
Procent ludzi z każdym wynikiem
Percentyl według liczby udzielonych odpowiedzi
Twoja historia wyników
Nie rozwiązałeś tego quizu